000 00384nam a2200133Ia 4500
008 200918s9999 xx 000 0 und d
020 _a978-971-9654-88-9
100 _aMarcelo, Danilo Jr. F.
245 _cDanilo F. Marcelo Jr.
_aLabor economics/
260 _aManila:
_bUnlimited Books
_c2017
300 _ax, 302 pages
_c23 cm.
650 _aLabor economics
650 _aLabor market
999 _c364300
_d364300